| 000 | 00730cam a22002411 4500 | ||
|---|---|---|---|
| 001 | 4269 | ||
| 003 | BD-RjUL | ||
| 005 | 20211208233850.0 | ||
| 008 | 131222s1955 enk 000 0 eng | ||
| 035 | _a(BD-RjUL)4304 | ||
| 035 | _a(OCoLC)501835 | ||
| 040 |
_aDLC _cODaWU _dOCoLC _dUk _dDLC _dBD-RjUL _beng |
||
| 041 | _aeng | ||
| 082 | 0 | 4 |
_219 _a342.42 _bWHG 1955 |
| 100 | 1 |
_aWheare, K. C. _q(Kenneth Clinton), _d1907- _913526 |
|
| 245 | 1 | 0 |
_aGovernment by committee : _ban essay on the British Constitution / _cK C Wheare. |
| 260 |
_aOxford : _bClarendon Press, _c1955. |
||
| 300 |
_a264 p. ; _c23 cm. |
||
| 651 | 0 |
_aGreat Britain _xPolitics and government. _913527 |
|
| 942 |
_2ddc _cBK |
||
| 999 |
_c4269 _d4269 |
||